[Event "258th YMCA Spring B"]
[Site "Warsaw"]
[Date "2022.06.02"]
[Round "9"]
[White "Mazurek, Jerzy"]
[Black "Basiaga, Sebastian"]
[Result "1-0"]
[WhiteElo "1741"]
[BlackElo "1740"]
[PlyCount "117"]
[EventDate "2022.04.07"]
[EventType "tourn"]
[EventRounds "1"]
[EventCountry "POL"]
[SourceDate "2022.04.05"]

1. e4 e5 2. Nf3 Nc6 3. Bb5 a6 4. Ba4 Nf6 5. O-O b5 6. Bb3 Bc5 7. a4 Bb7 8. c3
d6 9. d4 Bb6 10. Bg5 O-O 11. Bd5 h6 12. Bxf6 Qxf6 13. Na3 Rab8 14. axb5 axb5
15. Nxb5 Ne7 16. Bxb7 Rxb7 17. dxe5 dxe5 18. Na3 Ng6 19. g3 Rd8 20. Qe2 Bc5 21.
Nc4 Be7 22. Ra5 Bd6 23. h4 Re8 24. Rd1 Qe6 25. h5 Nf8 26. Nh4 g6 27. Rad5 Be7
28. Rxe5 Qa6 29. hxg6 fxg6 30. Nf3 Qf6 31. Ne3 c6 32. Ng4 Qg7 33. Qc4+ Kh8 34.
Qxc6 Reb8 35. b4 h5 36. Ne3 Bf6 37. Rc5 Be7 38. Rcd5 Rb6 39. Qc4 Ne6 40. Rd7
Nf8 41. Ra7 R6b7 42. Rxb7 Rxb7 43. Qc6 Ra7 44. Nd5 Bd8 45. Nf4 Rc7 46. Nxg6+
Qxg6 47. Qxg6 Nxg6 48. Rxd8+ Kg7 49. Rd3 Kf6 50. b5 Rc5 51. Rd6+ Kf7 52. b6
Rxc3 53. Ng5+ Kg7 54. Ne6+ Kh7 55. b7 Rb3 56. Nc5 Rb1+ 57. Kg2 Ne5 58. Re6 Nf7
59. Re8 1-0

[Event "258th YMCA Spring B"]
[Site "Warsaw"]
[Date "2022.05.31"]
[Round "9"]
[White "Kuc, Mariusz"]
[Black "Sypula, Krzysztof"]
[Result "1-0"]
[WhiteElo "1747"]
[BlackElo "1675"]
[PlyCount "70"]
[EventDate "2022.04.07"]
[EventType "tourn"]
[EventRounds "1"]
[EventCountry "POL"]
[SourceDate "2022.04.05"]

1. e4 c5 2. Nc3 Nc6 3. g3 e6 4. Bg2 g6 5. d3 Nge7 6. Nge2 Bg7 7. Be3 Nd4 8. Qd2
h5 9. h4 Nec6 10. a3 Nxe2 11. Qxe2 Nd4 12. Qd1 O-O 13. Rc1 d6 14. O-O Rb8 15.
Nb1 b6 16. c3 Nc6 17. d4 Ne7 18. Bg5 Qc7 19. g4 hxg4 20. Qxg4 e5 21. Qd1 Ba6
22. Re1 exd4 23. cxd4 Nc6 24. Be3 Qe7 25. Bg5 Qc7 26. dxc5 bxc5 27. Nc3 Ne7 28.
b4 Rfe8 29. h5 Bd4 30. bxc5 dxc5 31. e5 Bxe5 32. hxg6 Nxg6 33. Nd5 Bh2+ 34. Kh1
Rxe1+ 35. Qxe1 Be5 1-0

[Event "258th YMCA Spring B"]
[Site "Warsaw"]
[Date "2022.06.01"]
[Round "9"]
[White "Milczarek, Robert"]
[Black "Sloniewska, Alicja"]
[Result "0-1"]
[WhiteElo "1664"]
[BlackElo "1757"]
[PlyCount "88"]
[EventDate "2022.04.07"]
[EventType "tourn"]
[EventRounds "1"]
[EventCountry "POL"]
[SourceDate "2022.04.05"]

1. e4 c6 2. d3 d5 3. Nd2 e5 4. Ngf3 Bd6 5. d4 Qe7 6. dxe5 Bxe5 7. Nxe5 Qxe5 8.
Qe2 Nf6 9. exd5 Qxe2+ 10. Bxe2 Nxd5 11. Nc4 O-O 12. O-O Nb4 13. Ne3 Be6 14. a3
Nd5 15. Nxd5 Bxd5 16. Be3 Nd7 17. Rfd1 Nb6 18. b3 Rad8 19. Rd2 Be6 20. Rad1
Rxd2 21. Rxd2 Re8 22. Kf1 Bf5 23. c4 Nd7 24. a4 a6 25. a5 h6 26. h3 Nf6 27. g4
Be6 28. Bf3 h5 29. Rd4 hxg4 30. hxg4 Nd7 31. Bf4 Nc5 32. b4 Nb3 33. Re4 Rd8 34.
b5 cxb5 35. cxb5 Bd5 36. bxa6 Bxe4 37. axb7 Bxf3 38. b8=Q Rxb8 39. Bxb8 Nxa5
40. g5 Kh7 41. Kg1 Kg6 42. Bf4 Kf5 43. Bc1 g6 44. Kh2 Kg4 0-1

[Event "258th YMCA Spring B"]
[Site "Warsaw"]
[Date "2022.06.02"]
[Round "9"]
[White "Matyszkiewicz, Wiktor"]
[Black "Pichurko, Jakub"]
[Result "1-0"]
[WhiteElo "1769"]
[BlackElo "1818"]
[PlyCount "68"]
[EventDate "2022.04.07"]
[EventType "tourn"]
[EventRounds "1"]
[EventCountry "POL"]
[SourceDate "2022.04.05"]

1. e4 Nf6 2. e5 Nd5 3. d4 d6 4. Nf3 Nb6 5. Bd3 g6 6. Nc3 Bg7 7. a4 a5 8. Bf4
O-O 9. O-O Bg4 10. h3 Bxf3 11. Qxf3 Nc6 12. Qe4 e6 13. exd6 cxd6 14. Nb5 e5 15.
dxe5 dxe5 16. Bd2 f5 17. Qe2 h6 18. Rfd1 Qe7 19. Be3 Nd7 20. Nc7 Rac8 21. Ne6
Rf6 22. Nxg7 Kxg7 23. f3 Nc5 24. Bb5 Rd8 25. Qc4 b6 26. c3 Rfd6 27. Rxd6 Qxd6
28. b4 axb4 29. cxb4 Qd3 30. Qxd3 Rxd3 31. Bxd3 Nxd3 32. b5 Nd4 33. Bxd4 exd4
34. Rd1 Nf4 1-0

[Event "258th YMCA Spring B"]
[Site "Warsaw"]
[Date "2022.06.02"]
[Round "9"]
[White "Kacprzak, Karol"]
[Black "Safanowski, Tomasz"]
[Result "0-1"]
[WhiteElo "1705"]
[BlackElo "1664"]
[PlyCount "120"]
[EventDate "2022.04.07"]
[EventType "tourn"]
[EventRounds "1"]
[EventCountry "POL"]
[SourceDate "2022.04.05"]

1. c4 Nf6 2. Nc3 c6 3. e4 e5 4. d4 d6 5. dxe5 dxe5 6. Qxd8+ Kxd8 7. Bg5 Be6 8.
O-O-O+ Kc7 9. Nf3 Nbd7 10. Bh4 Bc5 11. Ng5 Ng4 12. Nxe6+ fxe6 13. Be2 Nxf2 14.
Bxf2 Bxf2 15. Rhf1 Rhf8 16. Bg4 Rae8 17. Kc2 Bd4 18. b4 b6 19. Kd3 Kd6 20. Ne2
c5 21. b5 Ke7 22. Ng3 a6 23. bxa6 g6 24. Rxf8 Rxf8 25. Rf1 Ra8 26. Bd1 Rxa6 27.
Bb3 Nb8 28. Ne2 Nc6 29. Nc1 Ra3 30. Rf3 Ra7 31. Rh3 Kf6 32. Rf3+ Kg7 33. h3 Bb2
34. Kc2 Bxc1 35. Kxc1 Nb4 36. Kb2 Rd7 37. Kc3 Rd4 38. a3 Nc6 39. Bc2 Rd8 40.
Rf1 Ra8 41. Kb2 Nd4 42. Bd3 Rf8 43. Kc3 Rxf1 44. Bxf1 Kf6 45. g3 Kg5 46. Kd2 h5
47. Be2 h4 48. gxh4+ Kxh4 49. Bg4 Kg3 50. Kd3 Kf4 51. Bd1 Nf3 52. Be2 Ng5 53.
Bg4 Nxe4 54. Bxe6 Ng5 55. Bd7 Kg3 56. a4 Kf4 57. Bg4 e4+ 58. Ke2 Nf7 59. Be6
Nd6 60. Kf2 Ke5 0-1

[Event "258th YMCA Spring B"]
[Site "Warsaw"]
[Date "2022.06.03"]
[Round "9"]
[White "Szukalski, Antoni"]
[Black "Nocek, Dominik"]
[Result "1/2-1/2"]
[WhiteElo "1724"]
[BlackElo "1553"]
[PlyCount "80"]
[EventDate "2022.04.07"]
[EventType "tourn"]
[EventRounds "1"]
[EventCountry "POL"]
[SourceDate "2022.04.05"]

1. d4 Nf6 2. c4 c5 3. e3 g6 4. Nf3 Bg7 5. Nc3 O-O 6. Be2 cxd4 7. exd4 d5 8. Bf4
a6 9. O-O dxc4 10. Bxc4 b5 11. Bb3 Bb7 12. Re1 e6 13. Ne5 Nc6 14. Ne2 Nb4 15.
h3 Nbd5 16. Bh2 Qb6 17. a3 Rfd8 18. Qd3 Rac8 19. Rac1 h6 20. Rxc8 Rxc8 21. Rc1
Rxc1+ 22. Nxc1 Qc7 23. Ne2 Qc8 24. Bg3 Nb6 25. Nc3 Nbd5 26. Ne2 Ne7 27. f3 Bd5
28. Bc2 Nf5 29. Bf2 Nd6 30. b3 Nd7 31. Nxd7 Qxd7 32. Qc3 Qc8 33. Qc5 Qc6 34.
Nf4 Nb7 35. Qxc6 Bxc6 36. Kf1 $11 Nd6 37. Ke2 Nc8 38. Ke3 Ne7 39. g4 Nd5+ 40.
Nxd5 Bxd5 $11 1/2-1/2

[Event "258th YMCA Spring B"]
[Site "Warsaw"]
[Date "2022.05.24"]
[Round "10"]
[White "Basiaga, Sebastian"]
[Black "Nocek, Dominik"]
[Result "1/2-1/2"]
[WhiteElo "1740"]
[BlackElo "1553"]
[PlyCount "29"]
[EventDate "2022.04.07"]
[EventType "tourn"]
[EventRounds "1"]
[EventCountry "POL"]
[SourceDate "2022.04.05"]

1. e4 e5 2. Nf3 Nc6 3. d4 exd4 4. Nxd4 Nf6 5. Nxc6 bxc6 6. Nc3 Bb4 7. Bd3 O-O
8. O-O d5 9. exd5 cxd5 10. Bg5 c6 11. h3 Bd6 12. Qf3 Rb8 13. Rab1 h6 14. Bh4
Re8 15. Bxf6 $11 1/2-1/2

[Event "258th YMCA Spring B"]
[Site "Warsaw"]
[Date "2022.06.09"]
[Round "10"]
[White "Safanowski, Tomasz"]
[Black "Szukalski, Antoni"]
[Result "1/2-1/2"]
[WhiteElo "1664"]
[BlackElo "1724"]
[PlyCount "42"]
[EventDate "2022.04.07"]
[EventType "tourn"]
[EventRounds "1"]
[EventCountry "POL"]
[SourceDate "2022.04.05"]

1. d4 Nf6 2. Nf3 e6 3. e3 d5 4. Bd3 c5 5. O-O Nc6 6. b3 cxd4 7. exd4 Bd6 8. Bb2
b6 9. a3 a5 10. Qe2 O-O 11. Nbd2 Bb7 12. Ne5 Bxe5 13. dxe5 Nd7 14. f4 Nc5 15.
f5 Nxd3 16. cxd3 exf5 17. Rxf5 Bc8 18. Rf4 Be6 19. Nf3 Rc8 20. Bd4 Nxd4 21.
Nxd4 Qd7 $11 1/2-1/2

[Event "258th YMCA Spring B"]
[Site "Warsaw"]
[Date "2022.06.09"]
[Round "10"]
[White "Pichurko, Jakub"]
[Black "Kacprzak, Karol"]
[Result "1/2-1/2"]
[WhiteElo "1818"]
[BlackElo "1705"]
[PlyCount "78"]
[EventDate "2022.04.07"]
[EventType "tourn"]
[EventRounds "1"]
[EventCountry "POL"]
[SourceDate "2022.04.05"]

1. Nf3 d5 2. d4 Nf6 3. e3 e6 4. Bd3 c5 5. b3 Nc6 6. O-O Be7 7. Bb2 O-O 8. a3 a6
9. Nbd2 b5 10. dxc5 Bxc5 11. b4 Be7 12. e4 dxe4 13. Nxe4 Bb7 14. Rc1 Nxe4 15.
Bxe4 Qxd1 16. Rfxd1 f5 17. Bd3 Bf6 18. Bxf6 gxf6 19. c4 Ne5 20. Nxe5 fxe5 21.
cxb5 axb5 22. Rc3 Rfd8 23. Rdc1 Bc6 24. Rxc6 Rxd3 25. Rxe6 Rdxa3 26. Rxe5 Ra1
27. Ree1 Rxc1 28. Rxc1 Ra4 29. Rb1 Kf7 30. g3 Ke6 31. f4 Kf6 32. Rb2 Kg6 33.
Kf2 Ra3 34. Ke2 h5 35. Rd2 h4 36. Rd6+ Kh5 37. gxh4 Kg4 38. Rd5 Kxf4 39. Rxb5
Ra2+ $11 1/2-1/2

[Event "258th YMCA Spring B"]
[Site "Warsaw"]
[Date "2022.06.09"]
[Round "10"]
[White "Sloniewska, Alicja"]
[Black "Matyszkiewicz, Wiktor"]
[Result "0-1"]
[WhiteElo "1757"]
[BlackElo "1769"]
[PlyCount "82"]
[EventDate "2022.04.07"]
[EventType "tourn"]
[EventRounds "1"]
[EventCountry "POL"]
[SourceDate "2022.04.05"]

1. d4 Nf6 2. c4 g6 3. Nc3 Bg7 4. e4 d6 5. Nf3 O-O 6. Be2 e5 7. d5 a5 8. O-O Na6
9. Qc2 Bd7 10. a3 h6 11. Ne1 Nh7 12. Be3 f5 13. f3 f4 14. Bf2 g5 15. Nd3 g4 16.
fxg4 Qg5 17. Qd1 Qg6 18. Bf3 Ng5 19. b4 Rf7 20. b5 Nc5 21. Nxc5 dxc5 22. Bxc5
b6 23. Bf2 h5 24. h3 hxg4 25. Bxg4 f3 26. Bxd7 Rxd7 27. Kh2 Rf8 28. Bg3 Bf6 29.
Rxf3 Nxf3+ 30. Qxf3 Bh4 31. Qe3 Bxg3+ 32. Qxg3 Qxg3+ 33. Kxg3 Rg7+ 34. Kh2 Rf2
35. Rg1 Rc2 36. Nd1 Rxc4 37. Nf2 Rf7 38. Ng4 Rf4 39. Nxe5 Rcxe4 40. Nf3 Rf5 41.
Rd1 Re3 0-1

[Event "258th YMCA Spring B"]
[Site "Warsaw"]
[Date "2022.06.08"]
[Round "10"]
[White "Sypula, Krzysztof"]
[Black "Milczarek, Robert"]
[Result "1-0"]
[WhiteElo "1675"]
[BlackElo "1664"]
[PlyCount "71"]
[EventDate "2022.04.07"]
[EventType "tourn"]
[EventRounds "1"]
[EventCountry "POL"]
[SourceDate "2022.04.05"]

1. d4 Nf6 2. c4 g6 3. g3 Bg7 4. Bg2 O-O 5. Nf3 d6 6. O-O Nc6 7. Nc3 e5 8. e3
Bf5 9. Nh4 Bg4 10. Qd2 Rb8 11. d5 Ne7 12. h3 Bd7 13. Rd1 g5 14. Nf3 g4 15. hxg4
Bxg4 16. e4 Ng6 17. Qd3 h6 18. Ne2 a6 19. Be3 Qd7 20. Ne1 Bxe2 21. Qxe2 Nh7 22.
Kh2 Qe7 23. Qh5 Nf6 24. Qf5 Qd7 25. Qxd7 Nxd7 26. Bh3 Nf6 27. f3 b6 28. Nd3 a5
29. b3 Ne7 30. Kg2 Nh7 31. a3 f5 32. Rab1 fxe4 33. Be6+ Kh8 34. fxe4 Ng5 35.
Bxg5 hxg5 36. Rh1+ 1-0

[Event "258th YMCA Spring B"]
[Site "Warsaw"]
[Date "2022.06.07"]
[Round "10"]
[White "Mazurek, Jerzy"]
[Black "Kuc, Mariusz"]
[Result "1-0"]
[WhiteElo "1741"]
[BlackElo "1747"]
[PlyCount "57"]
[EventDate "2022.04.07"]
[EventType "tourn"]
[EventRounds "1"]
[EventCountry "POL"]
[SourceDate "2022.04.05"]

1. e4 c5 2. Nf3 e6 3. d4 cxd4 4. Nxd4 Nf6 5. Nc3 d6 6. Be3 a6 7. f3 b5 8. g4 h6
9. Qd2 Nbd7 10. O-O-O b4 11. Nce2 Qc7 12. Ng3 Bb7 13. h4 d5 14. g5 hxg5 15.
hxg5 Rxh1 16. Nxh1 Nh5 17. g6 Nc5 18. gxf7+ Kxf7 19. Be2 e5 20. Nf5 d4 21. Bg5
Ne6 22. Kb1 Nhf4 23. Bxf4 Nxf4 24. Nf2 Rc8 25. Nd3 Nxe2 26. Qxe2 a5 27. Qh2 Re8
28. Qh5+ Kg8 29. Qxe8 1-0

[Event "258th YMCA Spring B"]
[Site "Warsaw"]
[Date "2022.06.21"]
[Round "11"]
[White "Kuc, Mariusz"]
[Black "Basiaga, Sebastian"]
[Result "0-1"]
[WhiteElo "1747"]
[BlackElo "1740"]
[PlyCount "137"]
[EventDate "2022.04.07"]
[EventType "tourn"]
[EventRounds "1"]
[EventCountry "POL"]
[SourceDate "2022.04.05"]

1. e4 e5 2. Nf3 Nc6 3. d4 exd4 4. Nxd4 Bc5 5. Nxc6 Qf6 6. Qf3 Qxf3 7. gxf3 dxc6
8. Bc4 Ne7 9. Rg1 g6 10. Be3 Bxe3 11. fxe3 Be6 12. Bd3 O-O-O 13. Nd2 c5 14. Ke2
Nc6 15. Rg5 b6 16. a4 Kb7 17. f4 Rhe8 18. h4 f6 19. Rg3 Bf7 20. h5 g5 21. fxg5
fxg5 22. Rxg5 Ne5 23. Nf3 Nxf3 24. Kxf3 c4 25. Be2 Rd2 26. Rf5 Be6 27. Rf6 Rxc2
28. a5 b5 29. a6+ Kb6 30. Rb1 Kxa6 31. Bd1 Rh2 32. Kg3 Rd2 33. Bg4 Rd6 34. e5
Rb6 35. Bf3 b4 36. Ra1+ Kb5 37. Rxa7 Re7 38. Bd1 b3 39. Rf4 Rg7+ 40. Kf2 Kc5
41. h6 Rd7 42. Rd4 Rf7+ 43. Ke1 c3 44. bxc3 b2 45. Ra5+ Kc6 46. Ba4+ Kb7 47.
Bc2 b1=Q+ 48. Bxb1 Rxb1+ 49. Rd1 Rxd1+ 50. Kxd1 Rf1+ 51. Kd2 Rh1 52. Ra4 Rxh6
53. Rf4 Rh5 54. Re4 Kc6 55. c4 Kc5 56. Kc3 Rh1 57. Kd2 Rh2+ 58. Kc3 Kc6 59. Rf4
h5 60. Rf6 Kd7 61. Rh6 Bg4 62. c5 Bf3 63. e6+ Ke7 64. Kd4 Rd2+ 65. Ke5 Rd5+ 66.
Kf4 Bg4 67. Rh7+ Kxe6 68. Rxc7 Rd1 69. e4 0-1

[Event "258th YMCA Spring B"]
[Site "Warsaw"]
[Date "2022.06.22"]
[Round "11"]
[White "Milczarek, Robert"]
[Black "Mazurek, Jerzy"]
[Result "1/2-1/2"]
[WhiteElo "1664"]
[BlackElo "1741"]
[PlyCount "59"]
[EventDate "2022.04.07"]
[EventType "tourn"]
[EventRounds "1"]
[EventCountry "POL"]
[SourceDate "2022.04.05"]

1. d4 Nf6 2. c4 g6 3. Nc3 Bg7 4. e4 d6 5. Nf3 O-O 6. Be2 e5 7. dxe5 dxe5 8.
Qxd8 Rxd8 9. Bg5 Re8 10. Nd5 Nxd5 11. cxd5 c6 12. Bc4 b5 13. Bb3 Bb7 14. Rc1 h6
15. Be3 Rc8 16. O-O Nd7 17. dxc6 Bxc6 18. Rxc6 Rxc6 19. Bd5 Rac8 20. Bxc6 Rxc6
21. Rd1 Rc7 22. g3 Nf6 23. Rd8+ Kh7 24. Nxe5 Nxe4 25. Nd3 Bf6 26. Ra8 Rd7 27.
Nc5 Nxc5 28. Bxc5 Bxb2 29. Rxa7 Rxa7 30. Bxa7 $11 1/2-1/2

[Event "258th YMCA Spring B"]
[Site "Warsaw"]
[Date "2022.06.23"]
[Round "11"]
[White "Matyszkiewicz, Wiktor"]
[Black "Sypula, Krzysztof"]
[Result "1/2-1/2"]
[WhiteElo "1769"]
[BlackElo "1675"]
[PlyCount "53"]
[EventDate "2022.04.07"]
[EventType "tourn"]
[EventRounds "1"]
[EventCountry "POL"]
[SourceDate "2022.04.05"]

1. e4 d5 2. exd5 Qxd5 3. Nc3 Qd8 4. d4 Nf6 5. Nf3 a6 6. Be2 e6 7. O-O b6 8. Bg5
Bb7 9. Ne5 Be7 10. Bf3 Qc8 11. Re1 O-O 12. Ng4 Nbd7 13. Bxb7 Qxb7 14. d5 Rad8
15. dxe6 fxe6 16. Qe2 Bc5 17. Qxe6+ Kh8 18. Nxf6 Nxf6 19. Be3 Rde8 20. Qh3 Qc6
21. Bxc5 Qxc5 22. Qg3 h6 23. h3 b5 24. a3 a5 25. Rxe8 Rxe8 26. Qd3 c6 27. Rf1
$11 1/2-1/2

[Event "258th YMCA Spring B"]
[Site "Warsaw"]
[Date "2022.06.23"]
[Round "11"]
[White "Szukalski, Antoni"]
[Black "Pichurko, Jakub"]
[Result "1/2-1/2"]
[WhiteElo "1724"]
[BlackElo "1818"]
[PlyCount "207"]
[EventDate "2022.04.07"]
[EventType "tourn"]
[EventRounds "1"]
[EventCountry "POL"]
[SourceDate "2022.04.05"]

1. e4 Nf6 2. e5 Nd5 3. d4 d6 4. c4 Nb6 5. exd6 cxd6 6. Nf3 g6 7. Nc3 Bg7 8. Be3
O-O 9. Be2 Nc6 10. h3 Bf5 11. O-O d5 12. c5 Nc4 13. b3 Nxe3 14. fxe3 e5 15.
dxe5 Nxe5 16. Nd4 Be6 17. Qd2 Qg5 18. Nxe6 fxe6 19. Rxf8+ Rxf8 20. Rf1 Rxf1+
21. Kxf1 Nc6 22. Nd1 Ne5 23. Qb4 Qe7 24. Qa4 Nc6 25. b4 Qf6+ 26. Kg1 Qh4 27. a3
h5 28. Qc2 a6 29. Qd2 Kh7 30. b5 axb5 31. Bxb5 Bf8 32. Qc3 Qe7 33. a4 Qxc5 34.
Qxc5 Bxc5 35. Kf2 Kg7 36. Ke2 Kf6 37. Nf2 Bb6 38. Nd3 Ne7 39. g4 h4 40. Nc1 Nc8
41. Nb3 Nd6 42. Bd3 Nf7 43. Kd2 Ng5 44. Bf1 Ne4+ 45. Kd3 Ke5 46. Bg2 Nd6 47.
Nd2 g5 48. Nf3+ Kf6 49. Nd2 Ba7 50. Bf1 e5 51. e4 d4 52. Nc4 Ne8 53. Na5 Nd6
54. Nc4 Nf7 55. Na5 Nd8 56. Kc4 b6 57. Nb3 Bb8 58. a5 bxa5 59. Nxa5 Bc7 60. Nb3
Nb7 61. Kd5 Nd8 62. Nc5 Ke7 63. Nd3 Nf7 64. Nc5 Bd6 65. Nd3 Kd7 66. Ne1 Be7 67.
Nf3 Bf6 68. Bb5+ Ke7 69. Bc4 Bg7 70. Ba6 Kf6 71. Bd3 Bf8 72. Bf1 Ba3 73. Bd3
Bc1 74. Bb5 Bf4 75. Ne1 Nh6 76. Bf1 Ng8 77. Nd3 Bg3 78. Nc5 Ne7+ 79. Kd6 Ng6
80. Nd7+ Kg7 81. Nc5 Be1 82. Ne6+ Kh6 83. Nd8 Bd2 84. Ke6 Bf4 85. Nf7+ Kg7 86.
Nd6 Nf8+ 87. Kf5 Nd7 88. Nb7 Kf7 89. Nd6+ Ke7 90. Nc4 Ke8 91. Nd6+ Kf8 92. Nc4
Ke7 93. Be2 Kd8 94. Nd6 Nc5 95. Nf7+ Ke7 96. Nxe5 Bxe5 97. Kxe5 d3 98. Bd1 d2
99. Kf5 Ne6 100. e5 Kf7 101. Bb3 Ke7 102. Bd1 Kf7 103. Bb3 Ke7 104. Bd1 1/2-1/2

[Event "258th YMCA Spring B"]
[Site "Warsaw"]
[Date "2022.06.22"]
[Round "11"]
[White "Nocek, Dominik"]
[Black "Safanowski, Tomasz"]
[Result "1/2-1/2"]
[WhiteElo "1553"]
[BlackElo "1664"]
[PlyCount "100"]
[EventDate "2022.04.07"]
[EventType "tourn"]
[EventRounds "1"]
[EventCountry "POL"]
[SourceDate "2022.04.05"]

1. e4 e6 2. d4 d5 3. Nd2 Nf6 4. e5 Nfd7 5. Bd3 b6 6. Ne2 c5 7. c3 Ba6 8. Bxa6
Nxa6 9. O-O b5 10. f4 Qb6 11. Nf3 Be7 12. Be3 c4 13. Qe1 Nc7 14. Qg3 O-O 15. f5
exf5 16. Nh4 Bxh4 17. Qxh4 Nxe5 18. Rxf5 Ng6 19. Qg3 Rad8 20. h4 Qe6 21. Rf3
Qd6 22. Nf4 Ne6 23. Raf1 Rde8 24. h5 Ngxf4 25. Bxf4 Nxf4 26. Rxf4 Qe6 27. Rf5
f6 28. Qf3 Rd8 29. h6 gxh6 30. Qg3+ Kh8 31. Qh4 Kg7 32. Qg4+ Kh8 33. Qh4 Kg7
34. R1f3 Rf7 35. Rh5 Re8 36. Rg3+ Kh8 37. Rxh6 Qe1+ 38. Kh2 Rg7 39. Rxf6 Reg8
40. Rff3 Rxg3 41. Rxg3 Qxg3+ 42. Qxg3 Rxg3 43. Kxg3 Kg7 44. Kf4 Kf6 45. g4 h6
46. Kf3 a5 47. a3 Kg6 48. Kf4 Kf6 49. Kf3 Kg6 50. Kf4 Kf6 1/2-1/2